BIBLIOTECA PODER JUDICIAL
Portal Judicial TDF

Empleados, datos personales, intimidad y teletrabajo : (Registro nro. 5972)

000 -LEADER
fixed length control field 01387nab a22002657a 4500
003 - CONTROL NUMBER IDENTIFIER
control field OSt
005 - DATE AND TIME OF LATEST TRANSACTION
control field 20260114153920.0
008 - FIXED-LENGTH DATA ELEMENTS--GENERAL INFORMATION
fixed length control field 190605e xxu||||| |||| 00| 0 spa d
040 ## - CATALOGING SOURCE
Transcribing agency PJ
100 ## - MAIN ENTRY--PERSONAL NAME
Personal name Fernández, Diego
9 (RLIN) 6034
245 10 - TITLE STATEMENT
Title Empleados, datos personales, intimidad y teletrabajo :
Remainder of title un abordaje multidisciplinario /
Statement of responsibility, etc Diego Fernández, Diego S. Kelly.
260 ## - PUBLICATION, DISTRIBUTION, ETC. (IMPRINT)
Place of publication, distribution, etc Ciudad Autónoma de Buenos Aires :
Name of publisher, distributor, etc Thomson Reuters La Ley,
Date of publication, distribution, etc 2022.
300 ## - PHYSICAL DESCRIPTION
Extent p. 15-22
500 ## - GENERAL NOTE
General note Cita: TR LALEY AR/DOC/2435/2022.<br/><br/>
505 ## - FORMATTED CONTENTS NOTE
Formatted contents note Sumario: I. Comentarios preliminares.— II. El derecho a la intimidad del trabajador y la facultad de control del empleador.— III. El teletrabajo como circunstancia objetiva que explica la necesidad de reforzar el control.— IV. Análisis desde la perspectiva de datos personales.— V. Conclusión.
505 ## - FORMATTED CONTENTS NOTE
Title ¿Te interesa el texto completo? Solicitalo al correo: koha@justierradelfuego.gov.ar
650 #0 - SUBJECT ADDED ENTRY--TOPICAL TERM
9 (RLIN) 1316
Topical term or geographic name as entry element DERECHO LABORAL
650 #0 - SUBJECT ADDED ENTRY--TOPICAL TERM
9 (RLIN) 2724
Topical term or geographic name as entry element DERECHO A LA INTIMIDAD
650 #0 - SUBJECT ADDED ENTRY--TOPICAL TERM
9 (RLIN) 1570
Topical term or geographic name as entry element DERECHOS DEL TRABAJADOR
650 #0 - SUBJECT ADDED ENTRY--TOPICAL TERM
9 (RLIN) 615
Topical term or geographic name as entry element DERECHOS Y GARANTIAS CONSTITUCIONALES
650 #0 - SUBJECT ADDED ENTRY--TOPICAL TERM
9 (RLIN) 6605
Topical term or geographic name as entry element INFORMACIÓN SENSIBLE
700 ## - ADDED ENTRY--PERSONAL NAME
9 (RLIN) 6806
Personal name Kelly, Diego S.
773 0# - HOST ITEM ENTRY
Host Biblionumber 2711
Host Itemnumber 3168
Place, publisher, and date of publication Ciudad Autónoma de Buenos Aires : Thomson Reuters La Ley, 1999-2002.
Title Revista de derecho del trabajo. Nº 5 - Septiembre 2022
942 ## - ADDED ENTRY ELEMENTS (KOHA)
Source of classification or shelving scheme
Koha item type Analítica Artículo de Revista

No hay ítems disponibles.

12 de Octubre 789 Ushuaia - Tel:  54(02901)441571
Horario de Atención: 8.00 a 17.00 hs. 
bibliotecaush@justierradelfuego.gov.ar
koha@justierradelfuego.gov.ar
Seguinos en nuestras redes @bibliojustdf 

Con tecnología Koha